| 000 | 00814na a2200253 4500 | ||
|---|---|---|---|
| 001 | 24236 | ||
| 003 | MIRAKIL | ||
| 005 | 20181213155332.0 | ||
| 008 | 180706b tu 000 0 | ||
| 020 | _a9789756255193 | ||
| 040 |
_aMilas _btur _cTR-AnCHP |
||
| 041 | _atur | ||
| 082 |
_a939.22 _bT86k 2009 |
||
| 090 | _a939.22 T86k 2009 | ||
| 100 | _aTurçaninov, Georgi F. | ||
| 245 |
_aKafkasya'da bulunan antik eserlerin keşfi ve yazılarının çözümlenmesi _cGeorgi F. Turçaninov ; çeviren Kayhan Yükseler |
||
| 260 |
_aAnkara _bKafdav yayıncılık _c2009 _fKalkan Matbaacılık |
||
| 300 |
_a279 s. _bres.; tbl. _c19 sm. |
||
| 650 |
_aKafkas dilleri _xAntik dönem |
||
| 650 |
_aEski çağ tarihi _xKafkasya |
||
| 651 |
_aKafkasya _xArkeoloji |
||
| 700 | _aYükseler, Kayhan | ||
| 942 |
_2dcc _cBKS |
||
| 999 |
_c10755 _d10755 |
||